000
00216nam a22000857a 4500
008
170608b xxu||||| |||| 00| 0 eng d
100
_9
3343
_a
Prakash. V
245
_a
Hello
260
_a
New Delhi
_b
Dreamland Publication
_c
2004
999
_c
6662
_d
6662